Football: Pays Champions du Monde (Hommes et Femmes) - Statistiques

Statistiques générales
  • Ce quiz a été pris 483 fois
  • Le résultat moyen est 10 sur 11
Statistiques - réponses
Réponse % Correct
France
100%
Allemagne
99%
Bresil
99%
Espagne
97%
Argentine
96%
Italie
96%
Etats-Unis
94%
Angleterre
92%
Uruguay
88%
Japon
58%
Norvège
49%
Aucun quiz correspondant
Distribution des résultats
% des personnes avec chaque résultat
Percentile par nombre de réponses
Votre historique - résultats
Vous n’avez pas pris ce quiz